Statistics for AK’s General Knowledge A-Z #43

Click here to take the quiz!

General Stats

  • This quiz has been taken 326 times
  • The average score is 20 of 26

Answer Stats

HintAnswer% Correct
J – ________ World, 2015 film where the Indominus Rex escapes containmentJurassic
95%
E – the densest planet in the Solar SystemEarth
93%
I – Poison ___ (Batman character or a type of allergenic plant)Ivy
93%
G – book of Bible including the Tower of Babel narrative, or Phil Collins’s bandGenesis
92%
M – the basic structural component of the universe, or what black lives doMatter
92%
S – a character in Moby-Dick, or the world’s largest coffeehouse chainStarbucks
91%
T – a very large and destructive wave, generally caused by an undersea earthquake or volcanic eruptionTsunami
90%
X – TV series where FBI agents Mulder and Scully investigated files on unsolved cases involving paranormal phenomenaX-Files
88%
N – home city of Knicks and GiantsNew York
86%
O – is “appelsien” in Dutch, or the new black in prisonOrange
85%
H – country whose name is Magyarország in its native languageHungary
84%
L – "Summertime Sadness" singer ____ Del ReyLana
83%
V – U.S. state that was an independent republic until 1791 and used the Green Mountain Boys FlagVermont
82%
W – film genre that was given the prefix “Spaghetti” when produced by ItaliansWestern
79%
B – not sharp, not subtleBlunt
78%
Y – Village People’s hit about a place where it's fun to stay atY.M.C.A.
78%
A – country that has a 17-km (11-mi) border with TurkeyAzerbaijan
73%
K – a tube of mirrors that is rotated to produce a succession of symmetrical designs when viewed from the other endKaleidoscope
72%
R – to switch a computer off and on again, allowing its operating system and programs to be reloadedReboot
71%
U – last in a series, or a team game played with a flying discUltimate
69%
C – to move easily without using power, or, when preceded by Gold, signifies present-day GhanaCoast
62%
F – in Disney’s 1959 film Sleeping Beauty, the three good fairies are Flora, _____, and MerryweatherFauna
58%
D – first name of Steel, the world’s best-selling author alive (in 2022 anyway)Danielle
57%
Z – German national weekly newspaper Die ____ (means “time”)Zeit
46%
Q – the largest city in Philippines is ______ CityQuezon
43%
P – Power ______, a special treat for Pac-ManPellet
22%

Score Distribution

Percentile by Number Answered

Percent of People with Each Score

Your Score History

You have not taken this quiz